Law of contract (Record no. 115907)

MARC details
000 -LEADER
fixed length control field 02014cad a22002535a 4500
001 - CONTROL NUMBER
control field L159446
008 - FIXED-LENGTH DATA ELEMENTS--GENERAL INFORMATION
fixed length control field 110519s2017 xxk f 000 0 eng d
020 ## - INTERNATIONAL STANDARD BOOK NUMBER
International Standard Book Number 9781292176116
035 ## - SYSTEM CONTROL NUMBER
System control number (Sirsi) u159446
041 0# - LANGUAGE CODE
Language code of text/sound track or separate title eng
050 04 - LIBRARY OF CONGRESS CALL NUMBER
Classification number 346.4202
100 1# - MAIN ENTRY--PERSONAL NAME
Personal name Richards, Paul
245 00 - TITLE STATEMENT
Title Law of contract
Medium [electronic resource]
250 ## - EDITION STATEMENT
Edition statement 13th ed.
260 ## - PUBLICATION, DISTRIBUTION, ETC.
Place of publication, distribution, etc. Harlow
Name of publisher, distributor, etc. Pearson Education
Date of publication, distribution, etc. 2017
300 ## - PHYSICAL DESCRIPTION
Extent eBook
505 2# - FORMATTED CONTENTS NOTE
Formatted contents note Part 1 The formation of a contract -- 1 The evolution and definition of the modern contract -- 2 The fact of agreement -- 3 Consideration -- 4 Intention to create legal relations -- 5 Capacity -- 6 Formalities -- Part 2 The contents of the contract -- 7 The terms of the contract -- 8 Exemption clauses -- Part 3 Factors that vitiate a contract -- 9 Misrepresentation -- 10 Mistake -- 11 Duress, undue influence and inequality of bargaining power -- 12 Illegality -- Part 4 Discharge of contracts -- 13 Discharge by performance and breach -- 14 Discharge by agreement -- 15 Discharge by frustration -- Part 5 Remedies for breach of contract -- 16 The common law remedy of damages -- 17 Equitable remedies and limitation of actions -- 18 Quasi-contract and the law of restitution -- Part 6 The rights and liabilities of third parties to the contract -- 19 Privity of contract -- 20 Agency -- 21 Assignment of contractual rights
520 ## - SUMMARY, ETC.
Summary, etc. Presents a trusted account of the main principles of contract law, using clear explanations and contemporary applications. In an area of law that is growing in complexity and importance, a firm grasp of the fundamental principles is essential. This book provides this necessary foundation whilst also considering recent proposals for reform so that the reader can gain an understanding of the overall development of the law.
650 24 - SUBJECT ADDED ENTRY--TOPICAL TERM
Topical term or geographic name entry element EBOOK
651 #4 - SUBJECT ADDED ENTRY--GEOGRAPHIC NAME
Geographic name ENGLAND AND WALES
690 ## - LOCAL SUBJECT ADDED ENTRY--TOPICAL TERM (OCLC, RLIN)
Topical term or geographic name as entry element CONTRACT LAW
856 40 - ELECTRONIC LOCATION AND ACCESS
Uniform Resource Identifier <a href="https://www.vlebooks.com/">https://www.vlebooks.com/</a>
Public note View on VLEbooks. Logins for members only from [email protected]
942 ## - ADDED ENTRY ELEMENTS (KOHA)
Suppress in OPAC 0
Holdings
Withdrawn status Lost status Source of classification or shelving scheme Damaged status Not for loan Home library Current library Shelving location Date acquired Total Checkouts Full call number Barcode Date last seen Copy number Price effective from Koha item type
    Dewey Decimal Classification     Virtual Virtual Online 24/07/2017   eBook 159446-2001 23/03/2023 1 06/08/2019 Book